Welcome to the Holygrace Academy Library

Please use search bar below to get started

THE PURSUIT OF HAPPINESS (Record no. 8575)

MARC details
000 -LEADER
fixed length control field 00650nam a22001457a 4500
082 ## - DEWEY DECIMAL CLASSIFICATION NUMBER
Classification number 158
Item number BRI/P
100 ## - MAIN ENTRY--AUTHOR NAME
Personal name BRINTON, DANIEL
245 ## - TITLE STATEMENT
Title THE PURSUIT OF HAPPINESS
246 ## - VARYING FORM OF TITLE
Title proper/short title THE PURSUIT OF HAPPINESS
Remainder of title THE PURSUIT OF HAPPINESS
260 ## - PUBLICATION, DISTRIBUTION, ETC. (IMPRINT)
Place of publication INDIA
Name of publisher FINGERPRINT
Year of publication 2023
300 ## - PHYSICAL DESCRIPTION
Number of Pages 226
520 ## - SUMMARY, ETC.
Summary, etc Daniel G. Brinton has tried to explain what happiness could possibly mean. This book explores pleasure and pain, the hierarchy of enjoyments, the distribution of happiness in the classes of society and in genders, principles to promote one's own happiness and the consolations of affliction.
650 ## - SUBJECT ADDED ENTRY--TOPICAL TERM
Topical Term SELF STUDY, MOTIVATIONAL
942 ## - ADDED ENTRY ELEMENTS (KOHA)
Koha item type Books
Holdings
Withdrawn status Lost status Collection code Home library Current library Shelving location Date acquired Source of acquisition Cost, normal purchase price Full call number Accession Number Koha item type
    Non-fiction Main Library Main Library NEW SHELF WITH NEW ENTRY 07/03/2024 PURCHASED 199.00 158 BRI/P 13547 Books